Представление документа в формате MARC21

Поле Инд. ПП Название Значение
Тип записи a
Библиографический уровень m
001 Контрольный номер ea53ec2b-6219-47df-981f-1ff7e0a270b8
005 Дата корректировки 20210319111445.7
008 Кодируемые данные 010402 d
020 a ISBN 5-7331-043-5
c Цена, тираж 2600; 5625
080 a Индекс УДК 882.09
a Индекс УДК 929Достоевский
084 a Индекс другой классификации/Индекс ББК Ш5(2=411.2)52-4Достоевский Ф.М.1
090 a Полочн. индекс Ш5(2=411.2)
x Авторский знак Л52
245 00 a Заглавие Летопись жизни и творчества Ф.М. Достоевского, 1821-1881
b Продолж. заглавия В 3 т
c Ответственность [Ин-т рус.лит.(Пушкин.дом)Рос.АН;Под ред.Н.Ф.Будановой,Г.М.Фридлендера;Сост.И.Д.Якубович,Т.И.Орнатская]
n Номер части/ раздела Т.1
p Название части/ раздела 1821-1864
260 0_ a Место издания СПб.
b Издательство Гуманит. агентство "Акад. проект"
c Дата издания 1993
300 a Объем 530,[6]с.,[4]л.ил.
b Иллюстрации/ тип воспроизводства ил.
504 a Библиография Библиогр.:с.501-505.-Указ.имен.,произведений:с.506-530
583 a Действие Приписка 69 19.03.97
k Исполнитель действия Кол-тор г. Москвы
x Служебное примечание 20490
583 a Действие Приписка 255 05.11.2003
k Исполнитель действия Дар Бойникова А.М.
650 04 a Основная рубрика Достоевский, Федор Михайлович, о нем
x Основная подрубрика Хронология
650 04 a Основная рубрика Русская литература
x Основная подрубрика История
y Хронологическая подрубрика 19 в.
653 0_ a Ключевые слова Достоевский Федор Михайлович
a Ключевые слова Персоналии
a Ключевые слова Писатели
a Ключевые слова Русская литература
a Ключевые слова Русские писатели
a Ключевые слова 19 в.
888 a Пред.оплата
a Бесплатные
901 t Тип документа m
930 a Новая/Ретро персоналии
952 p 69 5625.00 1 680156
p 255.2003 71.00 1 770695
c Вид литературы К рн
954 a Дата поступления на обработку 21.06.94